| 000 | 00489nam a22001937a 4500 | ||
|---|---|---|---|
| 003 | LK-CoDNM | ||
| 005 | 20250102114321.0 | ||
| 008 | 250102b |||||||| |||| 00| 0 eng d | ||
| 040 |
_aLK-CoDNM _dLK-CoDNM _eLK-CoDNM |
||
| 041 | _aang | ||
| 080 |
_a3 _bN20 |
||
| 100 | _aJoef,Redtenbacher | ||
| 245 | _aMonographie der Conocephaliden von | ||
| 260 |
_aJahrgang _c1891 |
||
| 300 | _a248p ; 23cm | ||
| 650 | _aScience | ||
| 650 | _aMonographie der Conocephaliden von | ||
| 942 | _cBK | ||
| 999 |
_c234592 _d234592 |
||